|
|
|
|
| LEADER |
00000nab a2200000 a 4500 |
| 001 |
vtls009526824 |
| 003 |
SK-MaSNL |
| 005 |
20260303204455.0 |
| 008 |
090617c2008 xo wr 0 0slo |
| 038 |
|
|
|a SLLK
|
| 040 |
|
|
|a SLLK
|b slo
|c sllk
|e AACR2
|
| 041 |
|
|
|a slo
|
| 044 |
|
|
|a xo
|c SK
|
| 080 |
|
|
|a 373.54
|2 2001
|
| 245 |
0 |
0 |
|a Gymnázium v Starej Ľubovni má za sebou 60-tku
|
| 246 |
3 |
|
|a Gymnázium v Starej Ľubovni má za sebou šesťdesiatku
|
| 300 |
|
|
|b Fotogr.
|
| 610 |
2 |
7 |
|a Gymnázium Terézie Vansovej (Stará Ľubovňa, Slovensko)
|2 snkbucl
|9 848647
|
| 648 |
|
7 |
|a 2008
|2 snkbucl
|9 317238
|
| 651 |
|
7 |
|a Stará Ľubovňa (Slovensko)
|2 snkbucl
|9 19193
|
| 773 |
0 |
|
|t Ľubovnianske noviny
|g Roč. XXXIV, č. 46 (2008), s. 9-10
|
| 999 |
|
|
|c 2190170
|d 2192100
|